• 首页
  • 本馆介绍
  • 公告通知
  • 最新文献
  • 馆藏检索
  • 电子资源
  • 读者导购
  • 参考咨询
  • 我的图书馆
  • 登录
  • 详细信息显示
  • 放入我的书架
  • 预约/预借图书
  • 作者相关作品
  • 分类相关作品
  • 丛书相关作品
  • 出版社相关作品

书目信息

  • 表格格式
  • 工作单格式
  • 卡片格式
书名: Earth algebra
作者: Christopher Schaufele, Nancy Zumoff.
分册号:
分册名:
出版地: New York :
 
出版社: HarperCollins College Publishers
出版时间: c1993.
页数: xix, 364 p. :
开本: 25 cm.
丛书名:
中图分类号:
科图分类号:
其他分类号: O11
主题词:
电子资源:
000 01230cam a2200313 a 450
001 E0752665295
005 20070425143932.85
008 921015s1993 ilua b s001 0 eng
010    @a92035839
020    @a0065008871.
035    @A(DLC) 92035839
040    @aDLC@cDLC@dDLC
050 00 @aTD885.5.C3@bS32 1992
082 00 @a363.73/87@2 20
090    @aO11
099    @dO11@ex12
100 1  @aSchaufele, Christopher.
245 10 @aEarth algebra :@bcollege algebra with applications to environmental issues / @cChristopher Schaufele, Nancy Zumoff.
250    @aPrelim. version.
260    @aNew York :@bHarperCollins College Publishers,@cc1993.
300    @axix, 364 p. :@bill. ;@c25 cm.
504    @aIncludes bibliographical references (p. 359-361) and index.
650  0 @aGlobal warming@xMathematical models.
650  0 @aCarbon dioxide@xEnvironmental aspects@xMathematical models.
650  0 @aAlgebra@xStudy and teaching.
700 1  @aZumoff, Nancy.
906    @a7@bcbc@corignew@d1@eocip@f19@gy-gencatlg
955    @apc14 to ja00 10-15-92; jg02/jg11; jg03; jg08 10-22-92; aa07 10-24-92; CIP ver. jh16 to SL 12-31-92; correct 050 jh99 01-04-92
991    @bc-GenColl@hTD885.5.C3@iS32 1992@tCopy 1@wBOOKS
    
    Earth algebra : : college algebra with applications to environmental issues / / Christopher Schaufele, Nancy Zumoff.-Prelim. version.-New York : : HarperCollins College Publishers, , c1993.
    xix, 364 p. : : ill. ; ; 25 cm.
    Includes bibliographical references (p. 359-361) and index.
    
    ISBN 0065008871.
    
●
相关链接 在E读中查询图书 在五车中查询图书 在当当中查询图书 在豆瓣中查询图书


正题名:Earth algebra     索取号:O11/x12         预约/预借

序号 登录号 条形码 馆藏地/架位号 状态 备注
1 5269   300052699   第二样本阅览室/ [索取号:O11/x12] 在馆    
2 5285   300052859   密集书库/ [索取号:O11/x12] 在馆    
3 5286   300052868   第四借阅区/ [索取号:O11/x12] 在馆    
4 5287   300052877   第四借阅区/ [索取号:O11/x12] 在馆    
5 5288   300052886   密集书库/ [索取号:O11/x12] 在馆    
唐山师范学院图书馆 欢迎您!
大连网信软件有限公司© 版权所有